Statistics for Hercule Poirot Novels: Fill in the Gaps

Click here to take the quiz!

General Stats

  • This quiz has been taken 441 times
  • The average score is 21 of 33

Answer Stats

YearNovel% Correct
1934Murder on the {Orient} Express
98%
1937Death on the {Nile}
94%
1936{Murder} in Mesopotamia
91%
1955Hickory {Dickory} Dock
89%
1942Five Little {Pig}s
85%
1940One, Two, {Buckle} my Shoe
83%
1926The Murder of {Roger} Ackroyd
80%
1920The Mysterious {Affair} at Styles
78%
1959Cat Among the {Pigeon}s
76%
1936{Card}s on the Table
72%
1933{Lord} Edgware Dies
69%
1972{Elephant}s Can Remember
68%
1936The {A.B.C.} Murders
68%
1928The Mystery of the Blue {Train}
68%
1941 {Evil} Under the Sun
66%
1938{Appointment} with Death
64%
1952Mrs McGinty's {Dead}
62%
1937{Dumb} Witness
59%
1927The Big {Four}
59%
1938Hercule Poirot's {Christmas}
58%
1935Three Act {Tragedy}
58%
1923The Murder on the {Link}s
56%
1969Hallowe'en {Party}
55%
1932{Peril} at End House
55%
1940Sad {Cypress}
55%
1956Dead Man's {Folly}
53%
1975{Curtain}
51%
1953After the {Funeral}
49%
1935Death in the {Cloud}s
49%
1948Taken at the {Flood}
49%
1966Third {Girl}
45%
1963The {Clock}s
36%
1946The {Hollow}
28%

Score Distribution

Percentile by Number Answered

Percent of People with Each Score

Your Score History

You have not taken this quiz